Book Titles by Synonym #4 - Statistics

General Stats
  • This quiz has been taken 34 times
  • The average score is 10 of 25
Answer Stats
Hint Answer % Correct
The Hue Violet The Color Purple
93%
Transparent Bloke Invisible Man
67%
One Soared Above the Cuculidae's Roost One Flew Over the Cuckoo's Nest
63%
The Collector in the Wheat The Catcher in the Rye
60%
Terror and Hatred in the City of Sin Fear and Loathing in Las Vegas
53%
Male Trio in a Vessel Three Men in a Boat
53%
As I Reclined Expiring As I Lay Dying
50%
The Kestrel Sprinter The Kite Runner
50%
The Decline of the Mansion of Steward The Fall of the House of Usher
47%
A Picture of the Painter as a Boy A Portrait of the Artist as a Young Man
43%
Our Guy in Cuba Our Man in Havana
43%
The Tome Pilferer The Book Thief
43%
The Mailworker Eternally Calls Two Times The Postman Always Rings Twice
43%
The Vallettan Peregrine The Maltese Falcon
40%
Homecoming of the Indigenous Return of the Native
33%
Delicate is the Dusk Tender is the Night
30%
The Ecstasy of Intercourse The Joy of Sex
30%
Aquaboat Below Watership Down
27%
Chuck and the Big Crystal Lift Charlie and the Great Glass Elevator
20%
Positive Harbingers Good Omens
20%
The Explication of Night Visions The Interpretation of Dreams
17%
Shade at Midday Darkness at Noon
13%
Centre Stride Middlemarch
13%
The Financial Results of the Armistice The Economic Consequences of the Peace
7%
The Shaggy Pantalooned Humanitarians The Ragged Trousered Philanthropists
7%
No matching quizzes found
Score Distribution
Percent of People with Each Score
Percentile by Number Answered
Your Score History
You have not taken this quiz